Barrios de Madrid: Centro - Estadísticas

Estadísticas generales
  • Esta prueba ha sido intentada 26 veces
  • La puntuación promedio es 3 de 6
Estadísticas de respuestas
Código Barrio % Correcto
16 Sol
88%
13 Cortes
59%
11 Palacio
53%
14 Justicia
47%
12 Embajadores
41%
15 Universidad
29%
No se encontraron pruebas coincidentes
Distribución de puntuación
Porcentaje de gente con cada puntuación
Porcentaje por número respondido
Historial de tus puntuaciones
No has intentado esta prueba.